000 00585cam a22002294a 4500
005 20250605164332.0
008 250528s ||||||||||||||||||||||||d
035 _a23268
020 _a9608122929
040 _aGR-AtMCL
_bgre
_dGR-AtMCL
_eAACR2
245 1 _aΦυσιολογία του ανθρώπου Ι
250 _a
260 _bΠασχαλιδης,
_c2001
300 _a509
700 1 _aLuciano D
_98707
700 1 _aSherman J
_98708
700 1 _aVander A
_98709
700 1 _aΤσακόπουλος Μ
_98710
942 _cBK
999 _c8297
_d8297